[Event "Karlsruhe Grenke op"]
[Site "Karlsruhe"]
[Date "2024.03.31"]
[Round "7"]
[White "Costa, Leonardo"]
[Black "Elgersma, Onno"]
[Result "1-0"]
[WhiteElo "2479"]
[BlackElo "2351"]
[PlyCount "91"]
[EventDate "2024.03.28"]
[EventType "swiss"]
[EventRounds "9"]
[EventCountry "GER"]
[SourceTitle "CB14_2024"]
[SourceDate "2024.04.01"]
[SourceVersion "1"]
[SourceVersionDate "2024.04.01"]
[SourceQuality "1"]

1. e4 e6 2. d4 d5 3. e5 c5 4. c3 Nc6 5. Nf3 Qb6 6. a3 c4 7. Nbd2 Na5 8. Rb1 Bd7 9. h4 h6 10. h5 Ne7 11. b4 cxb3 12. Nxb3 Nxb3 13. Nd2 Ba4 14. Nxb3 Nc6 15. Bd3 Na5 16. Bc2 Nxb3 17. Bxb3 Bxb3 18. Rxb3 Qa6 19. Rh3 0-0-0 20. Rf3 Rd7 21. Rb1 Rc7 22. Qb3 Rg8 23. a4 Qc6 24. Qb5 Qxb5 25. axb5 b6 26. Ke2 Kd8 27. Bd2 Ke8 28. Rg3 g5 29. f4 g4 30. f5 exf5 31. Rf1 Be7 32. Rxf5 Bh4 33. Rd3 Rh8 34. Rf1 Ke7 35. Rh1 Bg5 36. Bxg5+ hxg5 37. Kf2 Ke6 38. Kg3 Rc4 39. Kxg4 Ra4 40. Rf3 Ra2 41. Rf6+ Ke7 42. g3 Re2 43. h6 Re4+ 44. Kf5 Re3 45. Rc6 Kd7 46. h7 1-0

[Event "Karlsruhe Grenke op"]
[Site "Karlsruhe"]
[Date "2024.03.31"]
[Round "6"]
[White "Niemann, Hans Moke"]
[Black "Costa, Leonardo"]
[Result "1-0"]
[WhiteElo "2676"]
[BlackElo "2479"]
[PlyCount "97"]
[EventDate "2024.03.28"]
[EventType "swiss"]
[EventRounds "9"]
[EventCountry "GER"]
[SourceTitle "CB14_2024"]
[SourceDate "2024.04.01"]
[SourceVersion "1"]
[SourceVersionDate "2024.04.01"]
[SourceQuality "1"]

1. e4 c6 2. d4 d5 3. e5 Bf5 4. Nd2 e6 5. Nb3 a6 6. Nf3 c5 7. dxc5 Bxc5 8. Nxc5 Qa5+ 9. c3 Qxc5 10. Nd4 Ne7 11. Qa4+ Nbc6 12. Be3 Qa5 13. Qxa5 Nxa5 14. b3 Nac6 15. f4 Nxd4 16. Bxd4 Be4 17. 0-0-0 Nf5 18. Bf2 h5 19. Rg1 Rc8 20. Kb2 h4 21. Be2 Ke7 22. Bg4 Rc6 23. a4 Rc7 24. Rd2 Rcc8 25. a5 Rc6 26. Bh3 g6 27. Bg4 Kf8 28. Be2 Kg7 29. Bg4 Rhc8 30. Rc1 Rh8 31. Bh3 Rc7 32. Bg4 Rc6 33. Bb6 Rhc8 34. Rf2 Nh6 35. Be2 Nf5 36. Bf1 Ne7 37. Rd2 Nf5 38. c4 dxc4 39. bxc4 g5 40. fxg5 Kg6 41. Kb3 Bd5 42. Bd3 Kxg5 43. cxd5 Rxc1 44. d6 R1c6 45. Be4 Rxb6+ 46. axb6 Kf4 47. Bxb7 Rd8 48. d7 Kxe5 49. Bc8 1-0

[Event "Karlsruhe Grenke op"]
[Site "Karlsruhe"]
[Date "2024.03.30"]
[Round "5"]
[White "Costa, Leonardo"]
[Black "Kamsky, Gata"]
[Result "1/2-1/2"]
[WhiteElo "2479"]
[BlackElo "2616"]
[PlyCount "41"]
[EventDate "2024.03.28"]
[EventType "swiss"]
[EventRounds "9"]
[EventCountry "GER"]
[SourceTitle "CB14_2024"]
[SourceDate "2024.04.01"]
[SourceVersion "1"]
[SourceVersionDate "2024.04.01"]
[SourceQuality "1"]

1. e4 e5 2. Nf3 Nc6 3. Bb5 Nf6 4. 0-0 Nxe4 5. Re1 Nd6 6. a4 Be7 7. Nc3 0-0 8. d4 e4 9. Nxe4 Nxe4 10. Rxe4 a6 11. Bf1 d5 12. Re1 Bg4 13. c3 a5 14. h3 Bh5 15. Bf4 Bd6 16. Bxd6 Qxd6 17. Re3 Rae8 18. Qd2 Rxe3 19. Qxe3 Bxf3 20. Qxf3 Re8 21. g3 1/2-1/2

[Event "Karlsruhe Grenke op"]
[Site "Karlsruhe"]
[Date "2024.03.30"]
[Round "4"]
[White "Reller, Ole"]
[Black "Costa, Leonardo"]
[Result "0-1"]
[WhiteElo "2077"]
[BlackElo "2479"]
[PlyCount "84"]
[EventDate "2024.03.28"]
[EventType "swiss"]
[EventRounds "9"]
[EventCountry "GER"]
[SourceTitle "CB14_2024"]
[SourceDate "2024.04.01"]
[SourceVersion "1"]
[SourceVersionDate "2024.04.01"]
[SourceQuality "1"]

1. Nf3 Nf6 2. g3 d5 3. Bg2 e6 4. c4 Be7 5. 0-0 0-0 6. b3 d4 7. Bb2 c5 8. Ne5 Bd6 9. Nd3 e5 10. b4 cxb4 11. c5 Bc7 12. Nxb4 a5 13. Nd3 Nc6 14. Na3 Bg4 15. Nb5 Re8 16. h3 Bf5 17. Ne1 a4 18. Nf3 Bb8 19. d3 Ra5 20. Na3 Nd5 21. Nd2 Qd7 22. h4 Bh3 23. Ne4 Bxg2 24. Kxg2 f5 25. Nd2 e4 26. Nac4 Rxc5 27. Ba3 Nc3 28. Qc2 Rb5 29. Rae1 Qd5 30. Kg1 e3 31. Nf3 f4 32. fxe3 fxe3 33. Kh2 Qh5 34. Bd6 Nb4 35. Bxb4 Rxb4 36. Rh1 Qg6 37. Rhg1 Rxc4 38. Qb2 Rcc8 39. Nxd4 Rf8 40. Nf3 Qg4 41. Ref1 b5 42. Rg2 b4 0-1

[Event "Rilton Cup 51st"]
[Site "Stockholm"]
[Date "2023.12.30"]
[Round "4"]
[White "Costa, Leonardo"]
[Black "Ostlund, Joar"]
[Result "0-1"]
[WhiteElo "2472"]
[BlackElo "2326"]
[PlyCount "90"]
[EventDate "2023.12.27"]
[EventType "swiss"]
[EventRounds "9"]
[EventCountry "SWE"]
[SourceTitle "CB02_2024"]
[SourceDate "2024.01.10"]
[SourceVersion "1"]
[SourceVersionDate "2024.01.10"]
[SourceQuality "1"]

1. e4 e5 2. Nf3 Nc6 3. Bb5 g6 4. c3 Bg7 5. d4 exd4 6. cxd4 a6 7. Ba4 b5 8. Bc2 d5 9. Bg5 f6 10. Be3 Nge7 11. Nc3 0-0 12. 0-0 dxe4 13. Nxe4 f5 14. Bb3+ Kh8 15. Neg5 f4 16. Bd2 Nd5 17. Qc2 Qd7 18. Rfe1 Rf5 19. Ne6 Qd6 20. Bxd5 Rxd5 21. Bxf4 Ne5 22. Nxc7 Nxf3+ 23. gxf3 Qxf4 24. Nxd5 Qg5+ 25. Kh1 Bb7 26. Re3 Bxd5 27. Rg1 Qf4 28. Rg3 Rf8 29. Qc5 Qxd4 30. Qxd4 Bxd4 31. Rd3 Rf4 32. b3 Kg7 33. Kg1 h5 34. Kf1 Kf6 35. Ke2 b4 36. Kf1 Bc6 37. Kg1 Bc5 38. Rd8 Bxf3 39. Rc8 Bd6 40. Rd8 Bc5 41. Rc8 Bd6 42. Rd8 Be7 43. Rc8 g5 44. Rc4 Rxc4 45. bxc4 g4 0-1

[Event "German Masters"]
[Site "Rosenheim"]
[Date "2023.12.18"]
[Round "8"]
[White "Costa, Leonardo"]
[Black "Svane, Rasmus"]
[Result "0-1"]
[WhiteElo "2472"]
[BlackElo "2628"]
[PlyCount "84"]
[EventDate "2023.12.11"]
[EventType "tourn"]
[EventRounds "9"]
[EventCountry "GER"]
[EventCategory "13"]
[SourceTitle "CB51_2023"]
[SourceDate "2023.12.20"]
[SourceVersion "1"]
[SourceVersionDate "2023.12.20"]
[SourceQuality "1"]

1. e4 c5 2. Nf3 d6 3. d4 cxd4 4. Nxd4 Nf6 5. Nc3 a6 6. Bd3 e5 7. Nde2 Nc6 8. 0-0 Be6 9. f4 exf4 10. Nxf4 Ne5 11. b3 g6 12. Bb2 Bg7 13. Qe1 0-0 14. Nce2 Bd7 15. Nd4 Re8 16. Qg3 Bc6 17. Nxc6 bxc6 18. Rad1 Qa5 19. Ne2 Nfd7 20. a3 Re7 21. Kh1 Rae8 22. b4 Qb6 23. Bc1 d5 24. Bg5 f6 25. Be3 Qb7 26. exd5 cxd5 27. Nf4 f5 28. Bg1 Nf6 29. Be2 Ned7 30. Qf3 Qc8 31. Rfe1 Qxc2 32. Bd3 Qc6 33. Rc1 Qd6 34. Rxe7 Rxe7 35. Rc8+ Kf7 36. Bc2 Re1 37. Qg3 Rf1 38. Ne2 Qxg3 39. Nxg3 Re1 40. Bb3 f4 41. Ra8 fxg3 42. hxg3 Bh6 0-1

[Event "German Masters"]
[Site "Rosenheim"]
[Date "2023.12.17"]
[Round "7"]
[White "Fridman, Daniel"]
[Black "Costa, Leonardo"]
[Result "1-0"]
[WhiteElo "2580"]
[BlackElo "2472"]
[PlyCount "107"]
[EventDate "2023.12.11"]
[EventType "tourn"]
[EventRounds "9"]
[EventCountry "GER"]
[EventCategory "13"]
[SourceTitle "CB51_2023"]
[SourceDate "2023.12.20"]
[SourceVersion "1"]
[SourceVersionDate "2023.12.20"]
[SourceQuality "1"]

1. Nf3 d5 2. g3 Nd7 3. d4 Nb6 4. Nc3 Bf5 5. Nh4 Bg4 6. Qd3 Nf6 7. e4 e6 8. h3 Bh5 9. e5 Nfd7 10. Be2 Bxe2 11. Nxe2 c5 12. c3 Be7 13. Ng2 Qc7 14. 0-0 Rc8 15. Ne3 cxd4 16. cxd4 Nc4 17. b3 Nxe3 18. Bxe3 Qc2 19. Qb5 Qc6 20. Qxc6 Rxc6 21. Rac1 Nb8 22. f4 f5 23. exf6 Bxf6 24. f5 exf5 25. Rxf5 0-0 26. Rxd5 Re6 27. Rc3 Nc6 28. Rd7 Re4 29. Kg2 h5 30. h4 Ne7 31. Kf3 Rg4 32. Bf4 Nf5 33. Rc5 g6 34. Rcc7 Bh8 35. Kg2 Nxh4+ 36. Kh3 Nf3 37. Bh6 Re8 38. Nf4 Ng5+ 39. Bxg5 Rxg5 40. Rxb7 a5 41. Rb6 Ra8 42. a4 Rg4 43. Rxg6+ Rxg6 44. Nxg6 Rb8 45. Nxh8 Kxh8 46. Rd5 Rxb3 47. Rxh5+ Kg7 48. Rxa5 Rb4 49. d5 Rd4 50. g4 Kh6 51. Kh4 Kg6 52. Ra6+ Kg7 53. d6 Rd5 54. Ra7+ 1-0

[Event "Wch U16"]
[Site "Montesilvano"]
[Date "2023.11.22"]
[Round "9"]
[White "Costa, Leonardo"]
[Black "Klimkowski, Jan"]
[Result "1/2-1/2"]
[WhiteElo "2397"]
[BlackElo "2520"]
[PlyCount "171"]
[EventDate "2023.11.13"]
[EventType "swiss"]
[EventRounds "11"]
[EventCountry "ITA"]
[SourceTitle "CB48_2023"]
[SourceDate "2023.11.29"]
[SourceVersion "1"]
[SourceVersionDate "2023.11.29"]
[SourceQuality "1"]

1. e4 c5 2. Nf3 d6 3. d4 cxd4 4. Nxd4 Nf6 5. Nc3 a6 6. Bd3 e5 7. Nde2 Be7 8. 0-0 0-0 9. Ng3 Bg4 10. Be2 Be6 11. Be3 Nbd7 12. a4 Qc7 13. Nh5 Nxh5 14. Bxh5 Qc6 15. a5 b5 16. axb6 Nxb6 17. Bxb6 Qxb6 18. Nd5 Bxd5 19. Qxd5 Rac8 20. c4 g6 21. Bf3 Rc5 22. Qd3 a5 23. b3 Rb8 24. Rab1 Qb4 25. g3 Rc6 26. Qd5 Rc7 27. Be2 Ra7 28. Kg2 Bd8 29. Rfd1 Bc7 30. c5 Qxc5 31. Qxc5 dxc5 32. Bc4 Rd8 33. Rxd8+ Bxd8 34. Rd1 Be7 35. Rd5 a4 36. bxa4 Rxa4 37. Rxe5 Kf8 38. Bb5 Rb4 39. Ba6 Ke8 40. Kf3 Kd7 41. Bf1 c4 42. Rd5+ Kc6 43. Rd2 Bf6 44. Ke3 Rb3+ 45. Ke2 c3 46. Rc2 Rb1 47. f4 Kc5 48. e5 Kc4 49. Bg2 Be7 50. Ra2 Kd4 51. Rc2 g5 52. Bc6 h6 53. f5 Rb2 54. Ba4 Rb4 55. Ra2 Kxe5 56. Bc2 Rb6 57. Ra7 Kf6 58. Kd3 Rc6 59. Bb3 g4 60. Rd7 Rc5 61. Ra7 h5 62. Kc2 Rxf5 63. Kxc3 Rf3+ 64. Kc4 h4 65. Bd1 Rf2 66. gxh4 Rxh2 67. Kd3 g3 68. Ra6+ Kg7 69. Ra4 f5 70. Bf3 g2 71. Ra1 Bc5 72. Bxg2 Rxg2 73. Ra5 Rd2+ 74. Kc3 Rd5 75. Kc4 Rd4+ 76. Kxc5 Rxh4 77. Ra6 Rh6 78. Ra1 Kf6 79. Kd4 Rh3 80. Rg1 Rh4+ 81. Ke3 Ke5 82. Ra1 Rh3+ 83. Kf2 Rb3 84. Ra5+ Kf4 85. Ra4+ Ke5 86. Ra5+ 1/2-1/2

[Event "Wch U16"]
[Site "Montesilvano"]
[Date "2023.11.18"]
[Round "6"]
[White "Costa, Leonardo"]
[Black "Gasparyan, Erik R"]
[Result "1-0"]
[WhiteElo "2397"]
[BlackElo "2320"]
[PlyCount "119"]
[EventDate "2023.11.13"]
[EventType "swiss"]
[EventRounds "11"]
[EventCountry "ITA"]
[SourceTitle "CB48_2023"]
[SourceDate "2023.11.29"]
[SourceVersion "1"]
[SourceVersionDate "2023.11.29"]
[SourceQuality "1"]

1. e4 c6 2. d4 d5 3. e5 Bf5 4. h4 a6 5. h5 h6 6. Bd3 Bxd3 7. Qxd3 e6 8. Ne2 c5 9. c3 Ne7 10. Nd2 Nd7 11. f4 Qb6 12. Nf3 cxd4 13. cxd4 Qb4+ 14. Nc3 Rc8 15. 0-0 Qc4 16. Qd1 Nf5 17. Kh2 Bb4 18. g4 Ne7 19. Bd2 0-0 20. Rf2 f6 21. Qe1 Nc6 22. Qe3 fxe5 23. b3 Bxc3 24. bxc4 Bxa1 25. cxd5 Nf6 26. Kh3 Nxd5 27. Qe1 Nxf4+ 28. Bxf4 Rxf4 29. Nxe5 Rxf2 30. Qxf2 Nxe5 31. dxe5 Bxe5 32. Qb6 Rc3+ 33. Kg2 Bf6 34. Qxe6+ Kh7 35. Qe4+ Kh8 36. Qxb7 Ra3 37. Kf1 Kh7 38. Qb4 Re3 39. Qa5 Rf3+ 40. Kg2 Rf4 41. Kg3 Rc4 42. Qxa6 Be5+ 43. Kh4 Rc5 44. Qg6+ Kh8 45. Kh3 Ra5 46. a4 Bf6 47. Qe8+ Kh7 48. Qe4+ Kh8 49. Qb4 Ra8 50. a5 Bd8 51. Qf8+ Kh7 52. Qf5+ Kh8 53. Qd5 Rc8 54. a6 Bb6 55. Qb7 Rc3+ 56. Kg2 Be3 57. Qb8+ Kh7 58. Qb4 Rc2+ 59. Kf3 Ra2 60. Qb1+ 1-0

[Event "Budapest Vezerkepzo Fall GM"]
[Site "Budapest"]
[Date "2023.11.04"]
[Round "9"]
[White "Panesar, Vedant"]
[Black "Costa, Leonardo"]
[Result "1-0"]
[WhiteElo "2372"]
[BlackElo "2387"]
[PlyCount "69"]
[EventDate "2023.10.30"]
[EventType "tourn"]
[EventRounds "9"]
[EventCountry "HUN"]
[EventCategory "7"]
[SourceTitle "Mega2024 Update 01"]
[Source "Chessbase"]
[SourceDate "2023.11.12"]
[SourceVersion "1"]
[SourceVersionDate "2023.11.12"]
[SourceQuality "1"]

1. e4 c5 2. Nf3 e6 3. d4 cxd4 4. Nxd4 a6 5. a3 Nf6 6. Nc3 Qc7 7. f4 d6 8. Be3 b5 9. Bd3 Nbd7 10. g4 Nc5 11. g5 Nfd7 12. Qe2 Bb7 13. 0-0-0 g6 14. h4 Nxd3+ 15. cxd3 Bg7 16. Kb1 Rc8 17. h5 e5 18. h6 Bf8 19. Nc2 Be7 20. Nb4 Qd8 21. Nbd5 0-0 22. Qh2 a5 23. Nxb5 Bxd5 24. exd5 Nb6 25. Na7 Nxd5 26. Nxc8 Qxc8 27. Qd2 exf4 28. Bxf4 Qf5 29. Rdf1 Nxf4 30. Rxf4 Qd5 31. Re4 Bxg5 32. Qc3 f6 33. Qc7 Bxh6 34. Rxh6 Qxd3+ 35. Qc2 1-0

[Event "Budapest Vezerkepzo Fall GM"]
[Site "Budapest"]
[Date "2023.10.30"]
[Round "1"]
[White "Costa, Leonardo"]
[Black "Nesterov, Arseniy"]
[Result "1/2-1/2"]
[WhiteElo "2387"]
[BlackElo "2575"]
[PlyCount "52"]
[EventDate "2023.10.30"]
[EventType "tourn"]
[EventRounds "9"]
[EventCountry "HUN"]
[EventCategory "7"]
[SourceTitle "Mega2024 Update 01"]
[Source "Chessbase"]
[SourceDate "2023.11.12"]
[SourceVersion "1"]
[SourceVersionDate "2023.11.12"]
[SourceQuality "1"]

1. e4 e5 2. Nf3 Nc6 3. Bc4 Nf6 4. d3 Be7 5. 0-0 0-0 6. Re1 d6 7. a4 a5 8. h3 h6 9. Nc3 Re8 10. Nd5 Nxd5 11. Bxd5 Bf8 12. d4 Nxd4 13. Nxd4 exd4 14. Qxd4 c6 15. Bb3 Be6 16. Bxe6 Rxe6 17. Bd2 Be7 18. Qd3 Bf6 19. Rad1 d5 20. exd5 Qxd5 21. Rxe6 fxe6 22. Be1 Rd8 23. Qxd5 cxd5 24. Kf1 Bxb2 25. Rb1 Bd4 26. Rxb7 Rc8 1/2-1/2

[Event "Budapest SixDays 08 GM-A"]
[Site "Budapest"]
[Date "2023.08.04"]
[Round "8"]
[White "Costa, Leonardo"]
[Black "Laddha, Shubh Jayesh"]
[Result "1-0"]
[WhiteElo "2346"]
[BlackElo "2397"]
[PlyCount "95"]
[EventDate "2023.07.31"]
[EventType "tourn"]
[EventRounds "9"]
[EventCountry "HUN"]
[EventCategory "6"]
[SourceTitle "CBM 215 Extra"]
[Source "ChessBase"]
[SourceDate "2023.09.30"]
[SourceVersion "1"]
[SourceVersionDate "2023.09.30"]
[SourceQuality "1"]

1. e4 e5 2. Nf3 Nc6 3. d4 exd4 4. Nxd4 Nf6 5. Nc3 Bb4 6. Nxc6 bxc6 7. Bd3 d5 8. exd5 0-0 9. 0-0 cxd5 10. h3 Rb8 11. Qf3 Rb6 12. a3 Be7 13. b4 Bb7 14. Re1 d4 15. Ne4 Re6 16. Nxf6+ Bxf6 17. Qd1 Qd5 18. f3 Rfe8 19. Rxe6 Qxe6 20. Bf4 Bh4 21. Bb5 c6 22. Bf1 Qf6 23. Qd2 h6 24. Rd1 Rd8 25. Bc7 Rd7 26. Bb8 a6 27. Qf4 Qd8 28. Be5 Bg5 29. Qg4 Be3+ 30. Kh1 g6 31. Bf6 Qe8 32. Bxd4 Qe6 33. c3 h5 34. Qxe6 fxe6 35. Bc4 Rd6 36. Re1 Bxd4 37. Rxe6 Rxe6 38. Bxe6+ Kg7 39. cxd4 Kf6 40. Bc4 h4 41. g3 g5 42. Kg2 Kf5 43. Bd3+ Ke6 44. Be4 Kd6 45. f4 gxf4 46. gxh4 Ke6 47. Kf3 Kf6 48. Kxf4 1-0

[Event "Munich Pfingst op-A 1st"]
[Site "Munich"]
[Date "2023.06.04"]
[Round "6"]
[White "Costa, Leonardo"]
[Black "Senthil, Maran K"]
[Result "1-0"]
[WhiteElo "2343"]
[BlackElo "2135"]
[PlyCount "145"]
[EventDate "2023.05.31"]
[EventType "swiss"]
[EventRounds "9"]
[EventCountry "GER"]
[SourceTitle "CBM 214 Extra"]
[Source "ChessBase"]
[SourceDate "2023.07.31"]
[SourceVersion "1"]
[SourceVersionDate "2023.07.31"]
[SourceQuality "1"]

1. e4 c5 2. Nf3 Nc6 3. d4 cxd4 4. Nxd4 g6 5. c4 Nf6 6. Nc3 d6 7. f3 Bg7 8. Be3 0-0 9. Qd2 Nh5 10. Nxc6 bxc6 11. Be2 Qa5 12. Rc1 Be6 13. 0-0 Rfd8 14. f4 Nf6 15. f5 gxf5 16. exf5 Bxf5 17. Nd5 Qxd2 18. Nxe7+ Kf8 19. Bxd2 Kxe7 20. Rxf5 Ne4 21. Ba5 Rdc8 22. Bf3 Bd4+ 23. Kf1 Nc5 24. Re1+ Ne6 25. b3 Be5 26. Rh5 Nd4 27. Bc3 Kf6 28. Be4 Rab8 29. Rh6+ Kg7 30. Rxh7+ Kg8 31. Rh5 c5 32. Bd2 Ne6 33. g3 Kg7 34. Rh7+ Kg8 35. Rh4 Kg7 36. Kg2 Rh8 37. Rg4+ Kf6 38. Bd5 Rbg8 39. Rxg8 Rxg8 40. Rf1+ Ke7 41. Rf3 Rg7 42. b4 cxb4 43. Bxb4 Nf4+ 44. Kf1 Nxd5 45. cxd5 Rg4 46. Rb3 Rd4 47. Be1 Rxd5 48. Rb7+ Ke6 49. Rxa7 Rb5 50. h4 Rb2 51. g4 f5 52. g5 f4 53. g6 f3 54. Rf7 Rg2 55. Rxf3 Rxg6 56. a4 Kd5 57. a5 Ke4 58. Ra3 d5 59. a6 Rg8 60. a7 Ra8 61. Bf2 d4 62. Ra6 Bf4 63. h5 Kd5 64. Ke2 Ke4 65. Ra4 Be5 66. h6 Bf6 67. h7 Be5 68. Bg1 Bh8 69. Bh2 Kf5 70. Ra6 Ke4 71. Bb8 Kf5 72. Kd3 Bg7 73. Rc6 1-0

[Event "Munich Pfingst op-A 1st"]
[Site "Munich"]
[Date "2023.06.02"]
[Round "3"]
[White "Feuerstack, Aljoscha"]
[Black "Costa, Leonardo"]
[Result "1-0"]
[WhiteElo "2462"]
[BlackElo "2343"]
[PlyCount "97"]
[EventDate "2023.05.31"]
[EventType "swiss"]
[EventRounds "9"]
[EventCountry "GER"]
[SourceTitle "CBM 214 Extra"]
[Source "ChessBase"]
[SourceDate "2023.07.31"]
[SourceVersion "1"]
[SourceVersionDate "2023.07.31"]
[SourceQuality "1"]

1. d4 Nf6 2. c4 e6 3. g3 d5 4. Bg2 Be7 5. Nf3 0-0 6. 0-0 dxc4 7. Qc2 a6 8. Rd1 b5 9. Ne5 Nd5 10. b3 cxb3 11. axb3 Bb7 12. Ba3 Bxa3 13. Nxa3 Qe7 14. Nd3 Rc8 15. e4 Nf6 16. Nc5 c6 17. Nb1 Ra7 18. e5 Nd5 19. Nd2 Rd8 20. Nde4 Bc8 21. h4 h6 22. Qd2 Nd7 23. Nd3 Nb8 24. Rdc1 Bb7 25. Ndc5 Bc8 26. Qe1 Nd7 27. Nd3 Nb8 28. Nd6 Rad7 29. Bxd5 exd5 30. Nf5 Qf8 31. f4 Re8 32. Nb4 Bb7 33. Ra2 Kh8 34. h5 Rdd8 35. g4 f6 36. Nh4 Kg8 37. f5 fxe5 38. dxe5 Nd7 39. Ng6 Nxe5 40. Nxf8 Nf3+ 41. Kf2 Nxe1 42. Ne6 c5 43. Nxc5 Rc8 44. Raa1 a5 45. Nxb7 axb4 46. Rxe1 Rc2+ 47. Kg3 Rc3+ 48. Kf4 Rb8 49. Re7 1-0

[Event "Munich Laimer op 2nd"]
[Site "Munich"]
[Date "2023.05.27"]
[Round "3"]
[White "Costa, Leonardo"]
[Black "Ruecker, Benjamin"]
[Result "1-0"]
[WhiteElo "2343"]
[BlackElo "2179"]
[PlyCount "31"]
[EventDate "2023.05.26"]
[EventType "swiss"]
[EventRounds "9"]
[EventCountry "GER"]
[SourceTitle "CBM 214 Extra"]
[Source "ChessBase"]
[SourceDate "2023.07.31"]
[SourceVersion "1"]
[SourceVersionDate "2023.07.31"]
[SourceQuality "1"]

1. e4 c5 2. Nf3 d6 3. d4 cxd4 4. Nxd4 Nf6 5. Nc3 a6 6. h4 e5 7. Nb3 Be6 8. f4 exf4 9. Bxf4 Nc6 10. Qd2 Ne5 11. 0-0-0 Be7 12. Kb1 0-0 13. Nd4 Rc8 14. Nf5 Rc6 15. Bxe5 dxe5 16. Qg5 1-0

[Event "Millennium Masters 2nd"]
[Site "Rosenheim"]
[Date "2023.04.09"]
[Round "8"]
[White "Schulz, Lukas"]
[Black "Costa, Leonardo"]
[Result "1-0"]
[WhiteElo "2384"]
[BlackElo "2373"]
[PlyCount "153"]
[EventDate "2023.04.03"]
[EventType "tourn"]
[EventRounds "9"]
[EventCountry "GER"]
[EventCategory "4"]
[SourceTitle "CBM 213 Extra"]
[Source "ChessBase"]
[SourceDate "2023.05.31"]
[SourceVersion "1"]
[SourceVersionDate "2023.05.31"]
[SourceQuality "1"]

1. e4 c6 2. Nc3 d5 3. d4 dxe4 4. h3 Nf6 5. g4 g6 6. g5 Nd5 7. Nxe4 Bg7 8. Ne2 0-0 9. Bg2 Nd7 10. 0-0 f5 11. Nd2 e5 12. Bxd5+ cxd5 13. f4 e4 14. h4 b6 15. h5 Rf7 16. Nb3 a5 17. a4 Ba6 18. Rf2 Nf8 19. Be3 h6 20. Rg2 hxg5 21. Rxg5 Bh6 22. Rg2 Kh7 23. Ng3 Qh4 24. Qd2 Re8 25. Kf2 Qg4 26. Rh1 Qf3+ 27. Kg1 gxh5 28. Rxh5 Re6 29. Qe1 Rg6 30. Nd2 Qg4 31. Kf2 Rfg7 32. Qh1 Rc6 33. c3 Nd7 34. Rh4 Qg6 35. Rxh6+ Qxh6 36. Rh2 Qxh2+ 37. Qxh2+ Rh6 38. Qxh6+ Kxh6 39. Nxf5+ Kg6 40. Nxg7 Kxg7 41. c4 dxc4 42. Nxe4 Bb7 43. Nd6 Bd5 44. f5 Nf6 45. Kg3 Bc6 46. Nxc4 Nd5 47. Bg5 Bxa4 48. f6+ Nxf6 49. Bxf6+ Kxf6 50. Nxb6 Bb3 51. Kf4 Ke6 52. Ke3 Kd6 53. Kd3 Kc6 54. Nc4 Kb5 55. Nd2 Bf7 56. Kc3 Bd5 57. Nb1 Bg8 58. Na3+ Kc6 59. Nc4 Kb5 60. Nd6+ Kc6 61. Ne4 Bd5 62. Nf6 Bf7 63. Kd3 Bg6+ 64. Kc4 Bf7+ 65. d5+ Kd6 66. Ne4+ Ke5 67. Nc3 Kd6 68. Kd4 Bg6 69. Nb5+ Kd7 70. Kc5 Bf5 71. Nc3 Kc7 72. Kb5 Kd6 73. Kxa5 Kc5 74. b4+ Kc4 75. d6 Kd4 76. Kb6 Kxc3 77. Kc5 1-0

[Event "Millennium Masters 2nd"]
[Site "Rosenheim"]
[Date "2023.04.07"]
[Round "5"]
[White "Zysk, Robert"]
[Black "Costa, Leonardo"]
[Result "1/2-1/2"]
[WhiteElo "2411"]
[BlackElo "2373"]
[PlyCount "87"]
[EventDate "2023.04.03"]
[EventType "tourn"]
[EventRounds "9"]
[EventCountry "GER"]
[EventCategory "4"]
[SourceTitle "CBM 213 Extra"]
[Source "ChessBase"]
[SourceDate "2023.05.31"]
[SourceVersion "1"]
[SourceVersionDate "2023.05.31"]
[SourceQuality "1"]

1. d4 Nf6 2. c4 g6 3. Nf3 Bg7 4. g3 0-0 5. Bg2 d6 6. 0-0 c5 7. Nc3 Nc6 8. d5 Na5 9. Qd3 a6 10. Nd2 e6 11. b3 exd5 12. cxd5 b5 13. Bb2 Re8 14. Rae1 Bd7 15. Qc2 b4 16. Nce4 Nb7 17. Nxf6+ Bxf6 18. Ne4 Bg7 19. Bxg7 Kxg7 20. Qb2+ f6 21. f4 Qe7 22. e3 a5 23. h3 Bb5 24. Rf2 Bd3 25. Nd2 Kg8 26. e4 a4 27. Re3 Bb5 28. Nf3 Qg7 29. Bf1 Bxf1 30. Rxf1 Na5 31. Qe2 Re7 32. Re1 Qf7 33. Qd3 Rd7 34. Nd2 Rdd8 35. Kg2 Re8 36. R1e2 Re7 37. Kg1 Ree8 38. Kg2 Re7 39. Re1 Ree8 40. R3e2 Re7 41. Re3 Ree8 42. h4 Qg7 43. R1e2 Kh8 44. Re1 1/2-1/2

[Event "Millennium Masters 2nd"]
[Site "Rosenheim"]
[Date "2023.04.05"]
[Round "3"]
[White "Lohvinov, Petro"]
[Black "Costa, Leonardo"]
[Result "1/2-1/2"]
[WhiteElo "2260"]
[BlackElo "2373"]
[PlyCount "38"]
[EventDate "2023.04.03"]
[EventType "tourn"]
[EventRounds "9"]
[EventCountry "GER"]
[EventCategory "4"]
[SourceTitle "CBM 213 Extra"]
[Source "ChessBase"]
[SourceDate "2023.05.31"]
[SourceVersion "1"]
[SourceVersionDate "2023.05.31"]
[SourceQuality "1"]

1. e4 c6 2. d4 d5 3. e5 Bf5 4. Nf3 e6 5. Be2 c5 6. Be3 Qb6 7. Nc3 Nc6 8. 0-0 Qxb2 9. Qe1 cxd4 10. Bxd4 Nxd4 11. Nxd4 Bb4 12. Ndb5 Ba5 13. Rb1 Qxc2 14. Rb3 Ne7 15. Nd6+ Kf8 16. Nxb7 Bb6 17. Nd6 Ba5 18. Nb7 Bb6 19. Nd6 Ba5 1/2-1/2

[Event "Bundesliga 2223"]
[Site "Germany"]
[Date "2023.04.02"]
[Round "13.8"]
[White "Costa, Leonardo"]
[Black "Wachinger, Nikolas"]
[Result "0-1"]
[WhiteElo "2350"]
[BlackElo "2432"]
[PlyCount "102"]
[EventDate "2022.10.21"]
[EventType "team-tourn"]
[EventRounds "15"]
[EventCountry "GER"]
[SourceTitle "CBM 213 Extra"]
[Source "ChessBase"]
[SourceDate "2023.05.31"]
[SourceVersion "1"]
[SourceVersionDate "2023.05.31"]
[SourceQuality "1"]
[WhiteTeam "Muenchen 36"]
[BlackTeam "Werder Bremen"]
[WhiteTeamCountry "GER"]
[BlackTeamCountry "GER"]

1. e4 c5 2. Nf3 d6 3. d4 cxd4 4. Nxd4 Nf6 5. Nc3 a6 6. Bd3 Nbd7 7. 0-0 e6 8. Kh1 b5 9. a3 Bb7 10. f4 g6 11. Qe2 Bg7 12. Be3 0-0 13. Rad1 Re8 14. Bg1 e5 15. fxe5 Nxe5 16. Rfe1 Qc7 17. Nf3 d5 18. Nxe5 Rxe5 19. Bd4 Re6 20. e5 Nd7 21. Qf3 Nxe5 22. Qg3 Rae8 23. Re2 Qc6 24. h3 Nc4 25. Rxe6 Qxe6 26. Bxc4 dxc4 27. Bxg7 Kxg7 28. Kh2 Qf5 29. Rd2 Bc6 30. Rd6 Re6 31. Rxe6 Qxe6 32. Qf4 Qf6 33. Qg3 h5 34. h4 a5 35. Nd1 Qd4 36. Qc3 Qxc3 37. Nxc3 Kf6 38. Kg3 Ke5 39. Kf2 f6 40. g3 g5 41. Ne2 Ke4 42. Nc3+ Kf5 43. Ne2 Kg4 44. Nd4 Be8 45. Nf3 gxh4 46. gxh4 b4 47. axb4 c3 48. bxa5 cxb2 49. Nd2 Kxh4 50. Kf3 Bc6+ 51. Kf4 Kh3 0-1